Escrito en la arena /
Tallennettuna:
| Päätekijä: | |
|---|---|
| Muut tekijät: | |
| Aineistotyyppi: | Elektroninen E-kirja |
| Kieli: | espanja saksa |
| Julkaistu: |
Madrid :
Visor Libros,
2011.
|
| Sarja: | Colección Visor de poesía ;
v. 77. |
| Aiheet: | |
| Linkit: | Digitalia Hispánica |
| Tagit: |
Lisää tagi
Ei tageja, Lisää ensimmäinen tagi!
|
MARC
| LEADER | 00000nam a2200000Ii 4500 | ||
|---|---|---|---|
| 001 | DIGVISR0533 | ||
| 003 | NyNyDIG | ||
| 007 | cr ||||||||||| | ||
| 008 | 210713s2011 sp o 000 p spa d | ||
| 006 | m o d | ||
| 035 | |a (OCoLC)1282639929 | ||
| 040 | |a DGITA |b eng |e rda |e pn |c DGITA | ||
| 020 | |z 9788475220772 | ||
| 041 | 1 | |a spa |a ger |h ger | |
| 050 | 1 | 4 | |a PT2617.E85 ebook |
| 082 | 1 | 4 | |a 831.91 |
| 100 | 1 | |a Hesse, Hermann, |d 1877-1962, |e author. | |
| 245 | 1 | 0 | |a Escrito en la arena / |c Hermann Hesse ; edic. de Jenaro Talens. |
| 264 | 1 | |a Madrid : |b Visor Libros, |c 2011. | |
| 300 | |a 1 online resource. | ||
| 336 | |a text |b txt |2 rdacontent | ||
| 337 | |a computer |b c |2 rdamedia | ||
| 338 | |a online resource |b cr |2 rdacarrier | ||
| 347 | |a text file |2 rdaft | ||
| 347 | |b PDF | ||
| 490 | 1 | |a Volumen LXXVII de la Colección Visor de poesía | |
| 546 | |a Text in Spanish and German. | ||
| 588 | 0 | |a Online resource; title from PDF title page (Digitalia, viewed July 13, 2021) | |
| 655 | 7 | |a Poetry. |2 lcgft | |
| 655 | 0 | |a Electronic books. | |
| 700 | 1 | |a Taléns, Jenaro, |d 1946- |e editor. | |
| 700 | 1 | 2 | |i Container of (work): |a Hesse, Hermann, |d 1877-1962. |t In sand geschrieben. |
| 700 | 1 | 2 | |i Container of (expression): |a Hesse, Hermann, |d 1877-1962. |t In sand geschrieben. |l Spanish |s (Taléns) |
| 791 | 2 | |a Digitalia (Firm), |e distributor. | |
| 793 | 0 | |g Digitalia eBook Collection: |a Visor Libros | |
| 776 | 0 | 8 | |i Print version: |a Hesse, Hermann, 1877-1962. |t Escrito en la arena. |b Tercera edición. |d Madrid : Visor Libros, 2011 |z 9788475220772 |
| 830 | 0 | |a Colección Visor de poesía ; |v v. 77. | |
| 856 | 4 | 0 | |3 Digitalia Hispánica |u https://digitalia.unach.elogim.com/a/76748/ |
| 910 | |a Premium collection: 2021 | ||